A socioeconomic analysis of farmers' food grain marketing linkages and behavior in Eastern Upper Volta /

Bibliographic Details
Main Author: Ouedraogo, Ismael
Format: Thesis Microform Book
Language:English
Published: [Place of publication not identified] : [publisher not identified] ; 1983.
Subjects:

MARC

Tag First Indicator Second Indicator Subfields
LEADER 00000cam a2200000 a 4500
001 in00000015974
005 20151007052640.0
007 he amb|||||||
008 880523r19841983miuab bb 00010 eng d
035 |a (OCoLC)17986214 
035 |9 AAA8658AM 
040 |a TXA  |c TXA  |d UtOrBLW 
043 |a f-uv--- 
049 |a TXAI 
099 |a fiche  |a C  |a 8398 
100 1 |a Ouedraogo, Ismael. 
245 1 2 |a A socioeconomic analysis of farmers' food grain marketing linkages and behavior in Eastern Upper Volta /  |c by Ismael S. Ouedraogo. 
264 1 |a [Place of publication not identified] :  |b [publisher not identified] ;  |c 1983. 
300 |a vx, 302 leaves :  |b illustrations, maps. 
336 |a text  |b txt  |2 rdacontent 
337 |a microform  |b h  |2 rdamedia 
338 |a microfiche  |b he  |2 rdacarrier 
502 |b Ph. D.  |c Michigan State University  |d 1983. 
504 |a Bibliography: leaves 296-302. 
533 |a Microfiche.  |b Ann Arbor, Mich. :  |c University Microfilms International,  |d 1984.  |e 4 microfiches ; 11 x 15 cm. 
500 |a Microform. 
650 0 |a Grain trade  |z Burkina Faso. 
650 0 |a Farm produce  |x Marketing. 
650 0 |a Agriculture  |x Economic aspects  |z Burkina Faso. 
999 |a MARS 
999 f f |s 7a217767-4a05-3618-94f8-ae142abdddb7  |i 30dc597b-9bc9-39a5-96d0-a7cc7548034d  |t 0 
952 f f |p normal  |a Texas A&M University  |b College Station  |c Sterling C. Evans Library  |d Evans: Microforms (3rd floor)  |t 0  |e fiche C 8398  |h Other scheme  |i microform -- microfiche  |m A14822821699 
998 f f |a fiche C 8398  |t 0  |l Evans: Microforms (3rd floor)